ZN Zemské noviny. Čechy

Uložené v:
Podrobná bibliografia
Predchádzajúci názov:ZN Zemské noviny [severočeské vydání]
ZN Zemské noviny [západočeské vydání]
ZN Zemské noviny. Čechy [jihovýchod]
Médium: Časopis
Jazyk:Czech
Vydané: Praha : ZN - 1. zemská a.s., 1996-2001.
Tagy: Pridať tag
Žiadne tagy, Buďte prvý kto otaguje tento záznam!

MARC

LEADER 00000nas a22000001a 4500
001 000299708
003 SVKK
005 20241106142827.0
008 980320d19962001xr dr|p||| |0 a0cze
022 |y 1211-7609 
040 |a BAA001  |b slo  |e AACR2 
041 0 |a cze 
044 |a xr  |c CZ 
245 0 0 |a ZN Zemské noviny.  |p Čechy 
246 3 |a ZN Zemské noviny. Čechy 
246 3 3 |a Zemské noviny 
246 3 3 |a ZN 
260 |a Praha :  |b ZN - 1. zemská a.s.,  |c 1996-2001. 
310 |a denne 
362 0 |a Roč. 6, č. 282 (1.12.1996)- roč. 11, č. 208 (6. 9. 2001)  |z NKČR/2024 
500 |a Od roč. 9, č. 43 (21.2.2000) podnázov: Čechy; Prílohy pred tým: PO: Inspirace; ÚT: Rádce; ST: Apatyka; ČT: Peněženka; PÁ: Náš domov; SO: Automoto (do r. 2000) 
500 |a Od roč. 9, č. 43 (21.2.2000) pre Čechy jediná mutácia 
500 |a Denne : Čechy; ÚT: Volný čas; SO: Rádce 
550 |a Vydavateľ od r. 1999: Ntisk 
500 |a ISSN 1210-7492 v tiráži z pôvodného titulu 
500 |a Ročníkovanie prevzal po zlúčení s ZN Zemské noviny: Čechy [jihozápad] 
770 0 |t Hobby magazín  |x 1213-5267 
770 0 |t TV magazín (Praha)  |x 1210-5120 
770 0 |t Náš domov  |x 0323-2549 
775 0 |t ZN Zemské noviny. Morava a Slezsko 
775 0 |t ZN Zemské noviny. Praha a střední Čechy 
780 0 4 |t ZN Zemské noviny [severočeské vydání] 
780 0 4 |t ZN Zemské noviny [západočeské vydání] 
780 0 5 |t ZN Zemské noviny. Čechy [jihovýchod] 
910 |a KE001  |b F.150a 
998 |a SE 
090 |g CASOS  |k Sklad  |a F.150a  |j 193070  |i 2721122037  |s Zviazaný časopis 
090 |g CASOS  |k Sklad  |a F.150a  |j 193071  |i 2721122038  |s Zviazaný časopis 
090 |g CASOS  |k Sklad  |a F.150a  |j 193072  |i 2721122039  |s Zviazaný časopis 
090 |g CASOS  |k Sklad  |a F.150a  |j 193073  |i 2721122040  |s Zviazaný časopis 
090 |g CASOS  |k Sklad  |a F.150a  |j 193074  |i 2721122041  |s Zviazaný časopis 
090 |g CASOS  |k Sklad  |a F.150a  |j 193075  |i 2721122042  |7 Príloha: Náš domov 1-52  |s Zviazaný časopis 
090 |g CASOS  |k Sklad  |a F.150a  |j 195638  |i 2721122159  |s Zviazaný časopis 
090 |g CASOS  |k Sklad  |a F.150a  |j 195684  |i 2721122164  |s Zviazaný časopis 
090 |g CASOS  |k Sklad  |a F.150a  |i 2721122165  |s Zviazaný časopis